000 00435nam a2200169Ia 4500
008 131103s9999 xx 000 0 und d
040 _aLoreto College
041 _aEnglish
082 _aF/BAX
_bLCBED/11009
100 _aBaxter, Gillian
245 4 _aThe perfect horse
_cGillian Baxter
260 _aLondon
_bGranada
_c[19?]
300 _a158p.
_b ill.
_c 18cm.
650 _aEnglish fiction
850 _aLCBED/F/BAX
942 _cBK
999 _c32382
_d82861